Losowe liczby rzymskie do wpisania - Statystyki

Ogólne statystyki
  • Ten quiz został rozwiązany 70 razy
    68 od ostatniego zresetowania
  • Średni wynik to 19 z 20
Statystyki odpowiedzi
Liczba arabska Liczba rzymska % Poprawnych
100 C
100%
3 III
100%
9 IX
100%
51 LI
100%
52 LII
100%
53 LIII
100%
59 LIX
100%
56 LVI
100%
58 LVIII
100%
69 LXIX
100%
67 LXVII
100%
68 LXVIII
100%
70 LXX
100%
72 LXXII
100%
74 LXXIV
100%
79 LXXIX
100%
75 LXXV
100%
77 LXXVII
100%
78 LXXVIII
100%
80 LXXX
100%
83 LXXXIII
100%
86 LXXXVI
100%
5 V
100%
6 VI
100%
7 VII
100%
10 X
100%
98 XCVIII
100%
12 XII
100%
40 XL
100%
41 XLI
100%
16 XVI
100%
17 XVII
100%
18 XVIII
100%
20 XX
100%
21 XXI
100%
24 XXIV
100%
25 XXV
100%
31 XXXI
100%
39 XXXIX
100%
27 XXVII
95%
94 XCIV
94%
13 XIII
94%
22 XXII
94%
37 XXXVII
94%
4 IV
93%
62 LXII
93%
8 VIII
93%
11 XI
93%
29 XXIX
93%
38 XXXVIII
93%
1 I
92%
55 LV
92%
60 LX
92%
61 LXI
92%
65 LXV
92%
85 LXXXV
92%
43 XLIII
92%
26 XXVI
92%
34 XXXIV
92%
36 XXXVI
92%
73 LXXIII
91%
76 LXXVI
91%
88 LXXXVIII
91%
15 XV
91%
81 LXXXI
90%
84 LXXXIV
90%
90 XC
90%
99 XCIX
90%
23 XXIII
90%
28 XXVIII
90%
2 II
89%
54 LIV
89%
92 XCII
89%
33 XXXIII
89%
57 LVII
88%
64 LXIV
88%
97 XCVII
88%
19 XIX
87%
47 XLVII
87%
66 LXVI
86%
89 LXXXIX
86%
96 XCVI
86%
46 XLVI
86%
32 XXXII
86%
48 XLVIII
85%
82 LXXXII
83%
30 XXX
83%
35 XXXV
83%
50 L
82%
14 XIV
82%
95 XCV
80%
45 XLV
80%
63 LXIII
78%
71 LXXI
78%
87 LXXXVII
78%
42 XLII
76%
44 XLIV
73%
93 XCIII
71%
49 XLIX
60%
91 XCI
57%
Nie znaleziono quizów pasujących do podanych kryteriów
Rozkład punktacji
Procent ludzi z każdym wynikiem
Percentyl według liczby udzielonych odpowiedzi
Twoja historia wyników
Nie rozwiązałeś tego quizu od ostatniego zresetowania